Guess the Taylor Swift's song by the Bridge #1 - Statistics

General Stats
  • This quiz has been taken 12,197 times
    10,771 since last reset
  • The average score is 13 of 15
Answer Stats
Bridge Song % Correct
" Well, maybe we got lost in translation, maybe I asked for too much, but maybe this thing was a masterpiece 'til you tore it all up, runnin' scared, I was there, I remember it all too well, and you call me up again just to break me like a promise, so casually cruel in the name of bein' honest, I'm a crumpled-up piece of paper lyin' here, 'cause I remember it all, all, all " All Too Well (10 minure version) (Taylor's Version) [From the Vault] - Red (Taylor's Version)
98%
" I'm drunk in the back of the car, and I cried like a baby coming home from the bar (Oh) Said, "I'm fine," but it wasn't true, I don't wanna keep secrets just to keep you, and I snuck in through the garden gate every night that summer just to seal my fate (Oh) And I scream, "For whatever it's worth I love you, ain't that the worst thing you ever heard?" He looks up, grinning like a devil " Cruel Summer - Lover
97%
" My ex-man brought his new girlfriend, she's like, "Oh my God!" But I'm just gonna shake, and to the fella over there with the hella good hair won't you come on over, baby? We can shake, shake, shake, yeah, oh, oh, oh " Shake it Off - 1989
97%
" Boys only want love if it's torture, don't say I didn't, say I didn't warn ya, boys only want love if it's torture, don't say I didn't, say I didn't warn ya " Blank Space - 1989
96%
" Ladies and gentlemen, will you please stand?, with every guitar string scar on my hand, I take this magnetic force of a man to be my lover, my heart's been borrowed and yours has been blue, all's well that ends well to end up with you, swear to be overdramatic and true to my lover, and you'll save all your dirtiest jokes for me, and at every table, I'll save you a seat, lover " Lover - Lover
96%
" Oh, I remember you driving to my house, in the middle of the night, I'm the one who makes you laugh when you know you're 'bout to cry, I know your favorite songs, and you tell me 'bout your dreams, think I know where you belong, think I know it's with me " You Belong with Me (Taylor's Version) - Fearless (Taylor's Version)
94%
" We were jet-set, Bonnie and Clyde (Oh-oh) until I switched to the other side, to the other side, it's no surprise I turned you in (Oh-oh), 'cause us traitors never win " Getaway Car - repuatation
93%
" Back when we were still changin' for the better, wanting was enough, for me, it was enough, to live for the hope of it all, cancel plans just in case you'd call, and say, "Meet me behind the mall" So much for summer love and saying "us" 'Cause you weren't mine to lose " august - folklore
89%
" You'll see me in hindsight, tangled up with you all night, burnin' it down, Someday, when you leave me I bet these memories follow you around, you'll see me in hindsight, tangled up with you all night, burnin' (burnin') it (it) down (down) someday, when you leave me I bet these memories follow (follow) you (you) around (around) (follow you around) " Wildest Dreams (Taylor's Version) - 1989 (Taylor's Version)
89%
" It feels like one of those nights, we ditch the whole scene, it feels like one of those nights, we won't be sleeping, it feels like one of those nights, you look like bad news, I gotta have you, I gotta have you " 22 (Taylor's Version) - Red (Taylor's Version)
86%
" I get so high, oh every time you're, every time you're lovin' me, you're lovin' me, trip of my life, oh every time you're, every time you're touchin' me, you're touchin' me, every time you're, every time you're lovin' me " Don't Blame Me - reputation
84%
" And I got tired of waiting, wondering if you were ever coming around, my faith in you was fading, when I met you on the outskirts of town " Love Story (Taylor's Version) - Fearless (Taylor's Version)
84%
" I want to drive away with you, I want your complications too, I want your dreary Mondays, wrap your arms around me, baby boy, I want to drive away with you, I want your complications too, I want your dreary Mondays, wrap your arms around me, baby boy " Paper Rings - Lover
78%
" I run my fingers through your hair and watch the lights go wild, just keep on keeping your eyes on me, it's just wrong enough to make it feel right, and lead me up the staircase won't you whisper soft and slow? I'm captivated by you, baby, like a firework show " Sparks Fly (Taylor's Version) - Speak Now (Taylor's Version)
56%
" I've been looking sad in all the nicest places (Baby, baby, I feel crazy) I see you around in all these empty faces (Up all night, all night, and every day) I've been looking sad in all the nicest places (Give me something, oh, but you say nothing) Now I'm in a cab, I tell 'em where your place is. What is happening to me? " I Don't Wanna Live Forever (Ft. Zayn)
55%
No matching quizzes found
Score Distribution
Percent of People with Each Score
Percentile by Number Answered
Your Score History
You have not taken this quiz since the last reset